Obnoviteľné zdroje energie - vybrané ekonomické a logistické problémy

Obnoviteľné zdroje energie. Definovanie biomasy. Využívanie vodnej energie. Ciele rozvoja obnoviteľných zdrojov energie. Ekonomické a logistické problémy spojené s obnoviteľnými zdrojmi energie.

Saved in:
Bibliographic Details
Main Author: Gajdoš, Jozef, 1962-2025
Format: Book Chapter
Language:Slovak
Subjects:
Tags: Add Tag
No Tags, Be the first to tag this record!

MARC

LEADER 00000naa$a2200000$$$4500
001 0082734
005 20240502071929.0
041 0 |a slo 
044 |a SK 
245 1 0 |a Obnoviteľné zdroje energie - vybrané ekonomické a logistické problémy  |c Jozef Gajdoš 
520 |a Obnoviteľné zdroje energie. Definovanie biomasy. Využívanie vodnej energie. Ciele rozvoja obnoviteľných zdrojov energie. Ekonomické a logistické problémy spojené s obnoviteľnými zdrojmi energie. 
610 2 0 |a zdroje energie obnoviteľné 
610 2 0 |a energia vodná 
610 2 0 |a náklady 
610 2 0 |a rozvoj trvalo udržateľný 
610 2 0 |a biomasa 
100 1 |a Gajdoš, Jozef, 1962-2025